[Event "VII Lorca Open 2018"]
[Site "Lorca"]
[Date "2018.12.28"]
[Round "5"]
[White "Martin Duque, Jesus"]
[Black "Garrido Outon, Alex"]
[Result "1-0"]
[WhiteElo "2354"]
[BlackElo "2097"]
[Annotator "NA"]
[PlyCount "99"]
[EventDate "2018.12.26"]
[EventType "swiss"]
[EventCountry "ESP"]
[SourceTitle "playchess.com"]
[Source "ChessBase"]
[SourceQuality "1"]
[TimeControl "5400+30"]

1. e4 {[%emt 0:05:38]} e5 {[%emt 0:00:00]} 2. Nf3 {[%emt 0:00:06]} Nc6 {[%emt 0:00:00]} 3. Bc4 {[%emt 0:00:05]} Bc5 {[%emt 0:00:00]} 4. d3 {[%emt 0:00:09]} Nf6 {[%emt 0:00:06]} 5. O-O {[%emt 0:00:11]} O-O {[%emt 0:00:07]} 6. h3 {[%emt 0:00:09]} d5 {[%emt 0:05:24]} 7. exd5 {[%emt 0:01:14]} Nxd5 {[%emt 0:00:59]} 8. Re1 {[%emt 0:00:13]} Nb6 {[%emt 0:03:19]} 9. Bb3 {[%emt 0:03:13]} Bf5 {[%emt 0:08:50]} 10. Nc3 {[%emt 0:15:07]} Qd7 {[%emt 0:07:46]} 11. Be3 {[%emt 0:09:44]} Bd4 {[%emt 0:16:15]} 12. Bxd4 {[%emt 0:10:30]} exd4 {[%emt 0:00:18]} 13. Ne2 {[%emt 0:00:03]} Qd6 {[%emt 0:09:28]} 14. Qd2 {[%emt 0:02:19]} Rae8 {[%emt 0:04:26]} 15. Qg5 {[%emt 0:02:20]} Be6 {[%emt 0:01:29]} 16. Qh4 {[%emt 0:03:35]} Bxb3 {[%emt 0:02:20]} 17. axb3 {[%emt 0:00:02]} Rd8 {[%emt 0:03:55]} 18. Ng3 {[%emt 0:00:54]} Qc5 {[%emt 0:03:31]} 19. Re2 {[%emt 0:03:59]} Nd7 {[%emt 0:05:15]} 20. Qf4 {[%emt 0:02:26]} Nf6 {[%emt 0:02:38]} 21. Qxc7 {[%emt 0:06:13]} Nd5 {[%emt 0:00:18]} 22. Qxb7 {[%emt 0:00:19]} Nf4 {[%emt 0:03:14]} 23. Rd2 {[%emt 0:10:03]} Qd5 {[%emt 0:06:09]} 24. Re1 {[%emt 0:02:42]} Nxh3+ {[%emt 0:02:36]} 25. Kf1 {[%emt 0:01:56]} Rd6 {[%emt 0:02:20]} 26. Ne4 {[%emt 0:01:54]} Rg6 {[%emt 0:00:27]} 27. gxh3 {[%emt 0:02:49]} Qh5 {[%emt 0:02:46]} 28. Neg5 {[%emt 0:02:36]} h6 {[%emt 0:01:08]} 29. Re8 {[%emt 0:00:50]} hxg5 {[%emt 0:02:43]} 30. Rxf8+ {[%emt 0:00:07]} Kxf8 {[%emt 0:00:01]} 31. Qc8+ {[%emt 0:00:14]} Ke7 {[%emt 0:00:06]} 32. Re2+ {[%emt 0:03:20]} Kd6 {[%emt 0:00:00]} 33. Qf8+ {[%emt 0:00:41]} Kc7 {[%emt 0:00:04]} 34. Qxf7+ {[%emt 0:00:24]} Kb6 {[%emt 0:00:00]} 35. Kg1 {[%emt 0:03:44]} Qh6 {[%emt 0:04:13]} 36. Nd2 {[%emt 0:04:15]} g4 {[%emt 0:01:06]} 37. Nc4+ {[%emt 0:00:01]} Ka6 {[%emt 0:00:30]} 38. Re1 {[%emt 0:00:07]} gxh3+ {[%emt 0:02:56]} 39. Kh1 {[%emt 0:00:01]} Rg5 {[%emt 0:02:16]} 40. Ra1+ {[%emt 0:00:33]} Na5 {[%emt 0:00:01]} 41. Nxa5 {[%emt 0:02:27]} Rxa5 {[%emt 0:00:07]} 42. Rxa5+ {[%emt 0:00:06]} Kxa5 {[%emt 0:00:04]} 43. Qxa7+ {[%emt 0:00:09]} Kb5 {[%emt 0:00:08]} 44. Qa4+ {[%emt 0:00:13]} Kb6 {[%emt 0:00:33]} 45. Qxd4+ {[%emt 0:00:16]} Ka5 {[%emt 0:00:45]} 46. Qa7+ {[%emt 0:00:39]} Kb4 {[%emt 0:00:46]} 47. Qa4+ {[%emt 0:00:30]} Kc5 {[%emt 0:00:02]} 48. Qa5+ {[%emt 0:01:15]} Kd4 {[%emt 0:00:13]} 49. Qa7+ {[%emt 0:00:39]} Kd5 {[%emt 0:01:11]} 50. c4+ {[%emt 0:00:09]} 1-0

[Event "VII Lorca Open 2018"]
[Site "Lorca"]
[Date "2018.12.28"]
[Round "5"]
[White "Melero Fidalgo, Juan De Dios"]
[Black "Svetushkin, Dmitry"]
[Result "0-1"]
[WhiteElo "2348"]
[BlackElo "2592"]
[Annotator "TA"]
[PlyCount "60"]
[EventDate "2018.12.26"]
[EventType "swiss"]
[EventCountry "ESP"]
[SourceTitle "playchess.com"]
[Source "ChessBase"]
[SourceQuality "1"]

{[%evp 14,60,-12,-23,6,-24,-19,-18,-18,-18,-22,-26,-21,-29,-18,-27,-24,-26,-25,-25,-37,-22,-31,-58,-81,-68,-60,-56,-54,-60,-34,-321,-321,-334,-323,-418,-439,-668,-667,-660,-657,-579,-577,-2255,-1086,-29984,-29985,-29984,-29985]} 1. d4 d5 2. Bf4 c5 3. e3 Nc6 4. c3 Nf6 5. Nd2 Bf5 6. Qb3 {D00: 1 d4 d5: Unusual lines} (6. Ngf3 e6 7. Be2 Bd6 8. dxc5 Bxc5 9. Nd4 Bg6 10. Qa4 O-O 11. Nxc6 bxc6 12. Qxc6 Rc8 13. Qa4 Re8 14. O-O e5 {0-1 (57) Le,Q (2737)-Ding,L (2777) Riadh 2017}) 6... Qc8 7. Ngf3 c4 8. Qd1 {LiveBook: 12 Games. The position is equal.} h6 9. h3 e6 10. Be2 Be7 $146 ({Predecessor:} 10... b5 11. a3 Be7 12. O-O O-O {0-1 (41) Geisler,R (1835)-Kroder,J (2075) Vellmar 2017}) 11. O-O O-O 12. Ne5 b5 13. a3 a5 {[%cal Ba7a5,Ba5b4][%mdl 32]} 14. Bf3 Nxe5 15. Bxe5 Bd3 16. Bxf6 Bxf6 17. Re1 {[#]} b4 $1 {[%mdl 512]} 18. axb4 axb4 19. e4 Qb7 {...Rxa1 is the strong threat.} 20. exd5 {Strongly threatening Rxa8.} exd5 21. Nf1 Bg5 {Hoping for ...Rxa1.} 22. Re5 $2 {[%mdl 8192] [#]} (22. Ra4 $15) 22... bxc3 $1 $19 23. bxc3 {[#]} Qb2 $1 {[%csl LRa1,LRc3]} 24. Rxa8 Rxa8 25. Qe1 ({Not} 25. Bxd5 Ra1) (25. Re2 $142 Bxe2 26. Qxe2 Qxe2 27. Bxe2) 25... Ra1 26. Bd1 Qc1 27. Rxg5 Qxd1 28. Qe8+ Kh7 29. Qxf7 hxg5 ({And not} 29... Qxf1+ 30. Kh2 $11) 30. Kh2 Bg6 {Precision: White = 44%, Black = 78%.} ({Stronger than} 30... Qxf1 31. Qh5+ Kg8 32. Qe8+ Kh7 33. Qh5+ Kg8 34. Qe8+ Kh7 35. Qh5+ $11) 0-1

[Event "VII Lorca Open 2018"]
[Site "Lorca"]
[Date "2018.12.28"]
[Round "5"]
[White "Guerra Rivera, Salvador"]
[Black "Nayhebaver, Martin"]
[Result "0-1"]
[WhiteElo "2343"]
[BlackElo "2460"]
[Annotator "TA"]
[PlyCount "94"]
[EventDate "2018.12.26"]
[EventType "swiss"]
[EventCountry "ESP"]
[SourceTitle "playchess.com"]
[Source "ChessBase"]
[SourceQuality "1"]

{[%evp 18,94,20,14,10,8,61,27,65,23,47,15,0,0,26,10,1,-33,10,11,52,23,27,22,32,6,36,31,89,83,94,89,90,38,54,18,10,29,27,16,35,9,16,9,10,8,102,77,69,61,66,19,33,11,47,16,22,-15,-29,-119,-108,-369,-368,-354,-337,-408,-370,-402,-392,-788,-775,-1132,-1122,-1059,-1031,-29975,-29976,-29991,-29992]} 1. e4 c5 2. Nf3 d6 3. d4 cxd4 4. Nxd4 Nf6 5. Nc3 a6 6. Be3 e5 7. Nf3 {[%cal Bd4f3,Bf3h4,Bh4g6][%mdl 32]} Be7 8. Bc4 O-O 9. O-O Be6 10. Qe2 {LiveBook: 110 Games. B90: Sicilian Najdorf: Unusual White 6th moves, 6 Be3 Ng4 and 6 Be3 e5} (10. Bb3 Nc6 11. Qe2 Rc8 12. Rfd1 Qc7 13. Bg5 Na5 14. Bxf6 Bxf6 15. Nd5 Bxd5 16. Rxd5 Nxb3 17. cxb3 b5 18. Rad1 {1-0 (69) Sjugirov,S (2654)-Sarana,A (2641) Sochi 2018}) 10... Qc8 11. Bb3 h6 (11... b5 $11) 12. Nh4 $146 {White is slightly better.} ({Predecessor:} 12. Rad1 b5 13. a3 Nc6 14. Ne1 Na5 15. Nd5 Nxd5 16. Bxd5 Bxd5 17. Rxd5 Qc4 18. Qxc4 Nxc4 19. Nd3 Bg5 20. Bxg5 hxg5 21. Rb1 Rfc8 {½-½ (21) Talla,V (2394)-Sulypa,A (2484) Legnica 2008}) 12... Nc6 13. Rfd1 Rb8 14. Bxe6 {[%mdl 64] [#] Overworked Piece} fxe6 15. Ng6 Rd8 16. Bb6 Rd7 17. Na4 Qe8 (17... Bd8 {keeps more tension.} 18. Rd2 Bc7 19. Rad1 Qd8 20. Qe3 Qe8) 18. Nxe7+ Qxe7 19. c4 Qf7 20. Nc3 Rc8 21. Rd2 Ne7 22. Rad1 Rc6 {[#]} ({Better is} 22... d5 $1 $14) 23. Ba5 $1 $16 Nc8 24. Bb4 Qe7 25. a4 (25. Qd3 $16) 25... Qd8 $14 26. a5 Qc7 27. b3 b6 $1 28. Ra2 Qb7 29. axb6 (29. Ra3 {is interesting.} Ne7 30. h3 Qb8 31. Qa2 bxa5 32. Bxa5 Rc8 33. Na4) 29... Rxb6 30. Ba5 Rxb3 31. Qc2 $1 Rxc3 (31... Ne7 $11) 32. Qxc3 (32. Bxc3 {is more complex.} Nxe4 33. Re1 Nc5 34. Rb1 Qc6 35. Bb4) 32... Nxe4 33. Qe3 Ne7 {[%cal Bc8e7,Be7f5,Bf5d4][%mdl 32]} 34. f3 {[%mdl 1024] White has compensation.} Nc5 35. Be1 Qc6 (35... Nf5 $5 {[%cal Rf5e3]} 36. Qa3 e4 $11) 36. Bb4 Nf5 37. Qf2 Nb3 $36 {[%mdl 2048] White is under pressure.} 38. Rc2 (38. c5 $11) 38... Nfd4 39. Rc3 $2 {[%mdl 8192]} (39. Ra2 $17) 39... Qa4 $19 40. Rxb3 Qxb3 {[%mdl 64] Double Attack} ({Much less strong is} 40... Nxb3 41. Bc3 $19) 41. Qd2 Qxc4 42. Ba3 Rb7 43. Qa5 $2 (43. Kh1 Qd5 44. Bb4) 43... Qb3 44. Rf1 Qe3+ 45. Kh1 Qd3 {[%cal Rd3f1]} 46. Kg1 Ne2+ 47. Kf2 Nf4 {Accuracy: White = 19%, Black = 59%.} 0-1

[Event "VII Lorca Open 2018"]
[Site "Lorca"]
[Date "2018.12.28"]
[Round "5"]
[White "Gines Esteo, Pedro Antonio"]
[Black "Gomez Ledo, Roberto Carlos"]
[Result "1/2-1/2"]
[WhiteElo "2339"]
[BlackElo "2448"]
[Annotator "TA"]
[PlyCount "63"]
[EventDate "2018.12.26"]
[EventType "swiss"]
[EventCountry "ESP"]
[SourceTitle "playchess.com"]
[Source "ChessBase"]
[SourceQuality "1"]

{[%evp 18,63,49,33,33,37,44,5,0,16,48,26,51,60,56,70,82,73,80,84,84,83,76,75,71,53,81,49,87,93,91,97,94,0,0,0,82,96,89,44,37,47,36,0,17,0,53,0]} 1. d4 d5 2. Nf3 c6 3. c4 dxc4 4. e3 b5 5. a4 e6 6. b3 Bb4+ 7. Bd2 Bxd2+ 8. Nfxd2 cxb3 9. axb5 b2 {D11: Slav Defence: 3 Nf3 sidelines and 3...Nf6 4 e3 Bg4} 10. Ra2 {LiveBook: 29 Games} Nf6 (10... Ne7 11. Rxb2 O-O 12. Be2 cxb5 13. Rxb5 Ba6 14. Rxb8 Rxb8 15. Bxa6 e5 16. dxe5 Qa5 17. Be2 {½-½ (27) Ikonnikov,V (2570)-Khenkin,I (2574) Delft 2014}) 11. Rxb2 O-O 12. bxc6 $146 ({Predecessor:} 12. Be2 cxb5 13. Bxb5 Bb7 14. O-O Nbd7 15. Qe2 Nb6 16. Ba6 Bxa6 17. Qxa6 {1-0 (46) Molnar,L (2247)-Papista,A (2161) Hungary 2009}) 12... Nxc6 13. Be2 Bd7 14. O-O Rb8 15. Rxb8 Qxb8 16. Nc3 Qb4 17. Qa1 Nd5 18. Nxd5 Qxd2 19. Nc3 {[#] Rd1 is the strong threat.} Rb8 20. Bf3 h6 21. h4 a5 22. Rc1 Rb2 23. Ne4 Qb4 {[#]} 24. Nc5 $1 {[%cal Rc5d3]} Qd2 25. Ne4 (25. Rf1 $16 Be8 26. Qc1) 25... Qb4 $11 26. Nc5 (26. Bh5 $11) 26... Qd2 $16 27. Rf1 Be8 28. Qa4 Rb4 29. Qa3 Rb2 30. Qa4 Rb4 31. Qa3 Rb2 32. Qa4 {Accuracy: White = 55%, Black = 65%.} (32. Be4 $14) 1/2-1/2

[Event "VII Lorca Open 2018"]
[Site "Lorca"]
[Date "2018.12.28"]
[Round "5"]
[White "Espineira Gonzalez, Diego"]
[Black "Morozov, Nichita"]
[Result "1-0"]
[WhiteElo "2299"]
[BlackElo "2439"]
[Annotator "TA"]
[PlyCount "97"]
[EventDate "2018.12.26"]
[EventType "swiss"]
[EventCountry "ESP"]
[SourceTitle "playchess.com"]
[Source "ChessBase"]
[SourceQuality "1"]

{[%evp 10,97,21,14,13,27,39,1,33,33,51,35,27,29,34,29,35,31,28,20,29,13,15,16,22,30,23,10,54,37,51,38,64,37,27,40,47,47,85,50,160,0,24,22,102,100,87,13,150,132,122,82,200,142,204,220,181,179,186,135,118,30,93,-89,63,93,250,231,226,210,220,231,213,197,196,219,770,588,575,558,558,541,500,499,1317,1269,1629,1333,1325,1312]} 1. e4 d6 {[%cal Bd7d6,Bd6d5][%mdl 32]} 2. d4 Nf6 3. f3 d5 4. e5 Nfd7 5. c3 (5. c4 e6 6. cxd5 exd5 7. Nc3 Nb6 8. Be3 Bf5 9. g4 Be6 10. Nh3 h5 11. Ng5 Be7 12. Nxe6 Bh4+ {1-0 (38) Ponomariov,R (2709)-Daulyte,D (2447) chess.com INT 2017}) 5... c5 6. Bd3 {LiveBook: 4 Games. B07: Pirc Defence: Miscellaneous Systems} cxd4 7. cxd4 Nc6 8. Bc2 $146 {White is slightly better.} ({Predecessor:} 8. Ne2 e6 9. f4 Nb4 10. Bb5 a6 11. Ba4 b5 12. Bb3 Qh4+ {1-0 (47) Kortschnoj,V (2558)-Gallagher,J (2500) Flims 2012}) 8... Nb6 9. Nc3 g6 10. Nge2 Bf5 11. Bxf5 gxf5 12. O-O e6 13. b3 a6 14. Kh1 Rg8 15. a3 h5 16. Be3 h4 17. Nf4 Be7 18. Qd3 Bg5 19. Nce2 Nd7 20. Rfc1 Qb6 21. Rc3 O-O-O 22. b4 Kb8 23. Rb1 Qb5 24. Qc2 Nb6 {[#]} ({Better is} 24... Qb6 $14) 25. Rc5 (25. Nxe6 $1 $16 {[%mdl 512]} fxe6 26. Bxg5 Rxg5 27. Rc5) 25... Qa4 $11 {And now ...Qxc2 would win.} 26. Qc1 $36 {[%mdl 2048] Hoping for Nc3. White is pushing.} Bxf4 (26... Na7 $11 {keeps the balance.}) 27. Bxf4 $16 {Strongly threatening Nc3.} Na7 {White must now prevent ...Nc4.} 28. Bg5 (28. Nc3 $1 $16 {[%cal Rc3a4]} Qe8 29. b5) 28... Rde8 (28... Nc4 $11 {remains equal.}) 29. Nc3 (29. Bxh4 Nc4 $17) 29... Qd7 30. Bxh4 Nc4 (30... Na4 $16) 31. b5 $18 b6 (31... Nxb5 $16 32. Nxb5 axb5) 32. bxa6 Ka8 33. Rxc4 $1 dxc4 34. Bf2 (34. Qd1 $18) 34... Rb8 $16 35. a4 (35. Qd1 $16) 35... Rgc8 {[#]} (35... b5 $11) 36. Qb2 $2 {[#]} (36. Qa3 $1 $16 {stays on course.}) 36... Nc6 $2 ({Black should try} 36... b5 $1 $17 {[%cal Rb5b4]} 37. Qa3 (37. Nxb5 c3 $17) (37. axb5 Nxb5 38. a7 Rb7 $15) 37... bxa4) 37. Qb5 $14 Rc7 $2 (37... Qe8 $16) 38. d5 $18 ({Inferior is} 38. Qxc4 Nxe5 39. Qb3 Nc4 $14) 38... Nxe5 39. dxe6 ({Not} 39. Bxb6 Rcc8 $14) 39... Qxb5 40. Rxb5 Nd3 41. Bxb6 Rc6 42. exf7 Nf4 $2 (42... Rf8 43. g3 Rxf7) 43. Bc5 {Rxb8+ would kill now.White is clearly winning.} Ne6 44. Rxb8+ Kxb8 45. f8=Q+ Nxf8 46. Bxf8 Kc7 (46... Rxa6 $142 47. Kg1 Kb7) 47. h4 Kd7 48. a7 Ra6 49. Bc5 {Precision: White = 49%, Black = 34%.} 1-0

[Event "VII Lorca Open 2018"]
[Site "Lorca"]
[Date "2018.12.28"]
[Round "5"]
[White "Martinez Fernandez, Adrian"]
[Black "Suarez Uriel, Adrian"]
[Result "1-0"]
[WhiteElo "2212"]
[BlackElo "2386"]
[Annotator "NA"]
[PlyCount "57"]
[EventDate "2018.12.26"]
[EventType "swiss"]
[EventCountry "ESP"]
[SourceTitle "playchess.com"]
[Source "ChessBase"]
[SourceQuality "1"]
[TimeControl "5400+30"]

1. e4 {[%emt 0:00:00]} c5 {[%emt 0:00:00]} 2. Nf3 {[%emt 0:00:30]} Nc6 {[%emt 0:00:30]} 3. d4 cxd4 {[%emt 0:04:47]} 4. Nxd4 {[%emt 0:00:00]} g6 {[%emt 0:00:03]} 5. c4 {[%emt 0:00:00]} Bg7 {[%emt 0:00:03]} 6. Be3 {[%emt 0:00:00]} Nf6 {[%emt 0:00:16]} 7. Nc3 {[%emt 0:00:00]} Ng4 {[%emt 0:00:25]} 8. Qxg4 {[%emt 0:00:04]} Nxd4 {[%emt 0:00:04]} 9. Qd1 {[%emt 0:00:11]} Ne6 {[%emt 0:00:03]} 10. Qd2 {[%emt 0:00:25]} b6 {[%emt 0:00:28]} 11. Be2 {[%emt 0:04:33]} Bb7 {[%emt 0:00:38]} 12. O-O {[%emt 0:05:49]} O-O {[%emt 0:00:22]} 13. f3 {[%emt 0:00:15]} Rc8 {[%emt 0:02:06]} 14. Rac1 {[%emt 0:02:22]} d6 {[%emt 0:00:52]} 15. b4 {[%emt 0:05:22]} Re8 {[%emt 0:05:00]} 16. Rfd1 {[%emt 0:04:56]} Qc7 {[%emt 0:00:15]} 17. Nd5 {[%emt 0:03:50]} Qb8 {[%emt 0:02:24]} 18. Bf1 {[%emt 0:01:04]} Bc6 {[%emt 0:01:43]} 19. Bg5 {[%emt 0:06:46]} Nf8 {[%emt 0:06:35]} 20. g3 {[%emt 0:03:06]} Qb7 {[%emt 0:03:52]} 21. Bh3 {[%emt 0:04:00]} e6 {[%emt 0:03:21]} 22. Nf6+ {[%emt 0:02:04]} Bxf6 {[%emt 0:00:45]} 23. Bxf6 {[%emt 0:00:08]} Nd7 {[%emt 0:00:25]} 24. Ba1 {[%emt 0:01:57]} Ba4 {[%emt 0:00:46]} 25. Qb2 {[%emt 0:02:40]} f6 {[%emt 0:05:41]} 26. Rxd6 {[%emt 0:01:00]} Ne5 {[%emt 0:01:53]} 27. Bxe6+ {[%emt 0:06:06]} Kg7 {[%emt 0:01:52]} 28. Bxc8 {[%emt 0:00:46]} Rxc8 {[%emt 0:00:14]} 29. Rxf6 {[%emt 0:01:10]} 1-0

[Event "VII Lorca Open 2018"]
[Site "Lorca"]
[Date "2018.12.28"]
[Round "5"]
[White "Sanchez Jerez, Emilio Miguel"]
[Black "Low, Zhen Yu Cyrus"]
[Result "0-1"]
[WhiteElo "2193"]
[BlackElo "2384"]
[Annotator "NA"]
[PlyCount "62"]
[EventDate "2018.12.26"]
[EventType "swiss"]
[EventCountry "ESP"]
[SourceTitle "playchess.com"]
[Source "ChessBase"]
[SourceQuality "1"]
[TimeControl "5400+30"]

1. Nc3 {[%emt 0:00:00]} d5 {[%emt 0:00:05]} 2. e4 {[%emt 0:00:00]} dxe4 {[%emt 0:00:04]} 3. Nxe4 {[%emt 0:00:00]} Nf6 {[%emt 0:00:05]} 4. Nxf6+ {[%emt 0:00:15]} exf6 {[%emt 0:00:06]} 5. d4 {[%emt 0:00:15]} Bd6 {[%emt 0:00:08]} 6. Bd3 {[%emt 0:02:13]} O-O {[%emt 0:00:19]} 7. Qf3 {[%emt 0:04:16]} Re8+ {[%emt 0:07:18]} 8. Ne2 {[%emt 0:05:43]} Nd7 {[%emt 0:00:07]} 9. Bf4 {[%emt 0:01:52]} Nf8 {[%emt 0:04:27]} 10. O-O-O {[%emt 0:04:40]} c6 {[%emt 0:03:08]} 11. Kb1 {[%emt 0:09:53]} Be6 {[%emt 0:08:16]} 12. c4 {[%emt 0:17:07]} Qc7 {[%emt 0:06:38]} 13. Bg3 {[%emt 0:11:45]} a6 {[%emt 0:09:53]} 14. Nc3 {[%emt 0:03:31]} Rad8 {[%emt 0:03:12]} 15. c5 {[%emt 0:09:03]} Bxg3 {[%emt 0:00:08]} 16. hxg3 {[%emt 0:00:02]} b6 {[%emt 0:04:05]} 17. Bxh7+ {[%emt 0:06:50]} Nxh7 {[%emt 0:00:11]} 18. Qh5 {[%emt 0:00:17]} bxc5 {[%emt 0:02:37]} 19. Qxh7+ {[%emt 0:00:15]} Kf8 {[%emt 0:00:00]} 20. dxc5 {[%emt 0:01:15]} Qe5 {[%emt 0:04:56]} 21. Qh8+ {[%emt 0:03:47]} Ke7 {[%emt 0:00:00]} 22. Qxg7 {[%emt 0:00:10]} Rb8 {[%emt 0:03:27]} 23. Rc1 {[%emt 0:04:02]} Rb4 {[%emt 0:07:18]} 24. Ka1 {[%emt 0:03:30]} Qxc5 {[%emt 0:04:56]} 25. Rhe1 {[%emt 0:03:13]} Qxf2 {[%emt 0:03:13]} 26. Re2 {[%emt 0:00:11]} Qf5 {[%emt 0:00:07]} 27. Rce1 {[%emt 0:01:42]} Kd6 {[%emt 0:07:04]} 28. Ne4+ {[%emt 0:03:09]} Kc7 {[%emt 0:00:53]} 29. Qxf6 {[%emt 0:00:45]} Rxe4 {[%emt 0:00:13]} 30. Qc3 {[%emt 0:02:11]} Rxe2 {[%emt 0:00:17]} 31. Rxe2 {[%emt 0:00:02]} Qd5 {[%emt 0:00:30]} 0-1

[Event "VII Lorca Open 2018"]
[Site "Lorca"]
[Date "2018.12.28"]
[Round "5"]
[White "Carbonell Sancho, Marc"]
[Black "Huerga Leache, Mikel"]
[Result "0-1"]
[WhiteElo "2153"]
[BlackElo "2448"]
[Annotator "TA"]
[PlyCount "112"]
[EventDate "2018.12.26"]
[EventType "swiss"]
[EventCountry "ESP"]
[SourceTitle "playchess.com"]
[Source "ChessBase"]
[SourceQuality "1"]

{[%evp 30,112,5,6,45,47,41,14,22,17,96,24,263,270,223,235,197,197,179,198,212,158,177,82,64,68,79,51,44,50,66,44,43,16,21,10,15,19,19,0,6,5,4,4,8,0,0,0,0,0,0,-4,-4,-41,-49,-100,-100,-104,-113,-110,-104,-109,-92,-123,-110,-149,-109,-240,-239,-242,-238,-276,-277,-858,-467,-457,-439,-858,-517,-29990,-29991,-29991,-29992,-29996,-29997]} 1. e4 c5 2. Nf3 Nc6 3. d4 cxd4 4. Nxd4 Nf6 5. Nc3 e5 6. Ndb5 d6 7. Bg5 a6 8. Na3 b5 9. Nd5 Be7 10. Bxf6 Bxf6 11. c4 b4 {B33: Sicilian: Pelikan and Sveshnikov Variations} 12. Nc2 O-O 13. g3 Bg5 14. Bg2 Qa5 (14... a5 15. O-O Ne7 16. Nce3 Bxe3 17. Nxe3 Be6 18. Rc1 Nc6 19. Nf5 {1-0 (54) Harikrishna,P (2744)-Yu,Y (2751) Huaian 2017}) 15. O-O Qc5 16. Qd3 {[#] LiveBook: 17 Games} Ra7 $146 ({Predecessor:} 16... Rb8 17. b3 Kh8 18. Kh1 f5 19. f4 {1-0 (53) Kokarev,D (2615)-Frolyanov,D (2576) Khanty-Mansiysk 2017}) 17. h4 Bh6 18. a3 {[%cal Ra3b4]} b3 $1 {[%cal Rb3c2]} 19. Qxb3 Rb7 {[#]} (19... a5 $11) 20. Qc3 (20. Qa2 $1 $16) 20... f5 $2 (20... Na5 $1 $11) 21. b4 $18 Qa7 22. exf5 Bxf5 23. Nde3 Nd4 {White must now prevent ...Ne2+.} 24. Rae1 Bc8 25. c5 dxc5 26. Qxc5 ({Resist} 26. bxc5 Rb5 $16) (26. Bxb7 $18 Qxb7 27. Nxd4 (27. bxc5 Nf3+ 28. Kh1 Qd7 $17) 27... cxd4 28. Qc4+ Kh8 29. Nd5) 26... Qxc5 $16 27. bxc5 Rc7 28. Nxd4 exd4 29. Nd5 Rxc5 30. Ne7+ Kh8 31. Nxc8 Rfxc8 32. Rd1 Rd8 33. Rd3 g6 34. Bb7 a5 35. a4 Rc4 36. Ra1 Rd6 37. Bf3 Rb6 38. Bd5 Rc5 39. Bf3 Rc3 40. Ra3 {[#]} Bd2 $1 {[%mdl 512]} 41. Kg2 (41. Rxd2 Rxa3) 41... Rb2 42. g4 (42. Be4 $15) 42... Be1 $17 43. Kf1 Rxa3 44. Rxa3 Bxf2 {[%mdl 4096] Endgame KRB-KRB} 45. h5 Be3 46. Be2 Kg7 47. hxg6 hxg6 {[%cal Bh7g6,Bg6g5][%mdl 32]} 48. Rd3 (48. Bc4 $17 {keeps fighting.}) 48... Kf6 $19 49. Bd1 Kg5 50. Be2 Kf4 51. Bd1 $2 (51. Rd1) 51... g5 52. Be2 Ra2 53. Bd1 (53. Ke1 $142) 53... Ke4 54. Rb3 (54. Be2 $19 Rxa4 55. Rd1) 54... Rf2+ {Black mates.} 55. Ke1 d3 {[%csl Ge3,Gf2][%cal Rd3d2]} 56. Bc2 Rxc2 {Precision: White = 34%, Black = 69%.} 0-1

[Event "VII Lorca Open 2018"]
[Site "Lorca"]
[Date "2018.12.28"]
[Round "5"]
[White "Ajay Karthikeyan"]
[Black "Serarols Mabras, Bernat"]
[Result "1-0"]
[WhiteElo "2143"]
[BlackElo "2371"]
[Annotator "NA"]
[PlyCount "101"]
[EventDate "2018.12.26"]
[EventType "swiss"]
[EventCountry "ESP"]
[SourceTitle "playchess.com"]
[Source "ChessBase"]
[SourceQuality "1"]
[TimeControl "5400+30"]

1. d4 {[%emt 0:05:16]} d5 {[%emt 0:00:00]} 2. Bf4 {[%emt 0:00:17]} c5 {[%emt 0:00:00]} 3. e3 {[%emt 0:00:06]} Nc6 {[%emt 0:00:10]} 4. c3 {[%emt 0:00:37]} Nf6 {[%emt 0:00:18]} 5. Nd2 {[%emt 0:00:02]} Bf5 {[%emt 0:00:25]} 6. Qb3 {[%emt 0:00:04]} Qd7 {[%emt 0:00:18]} 7. Ngf3 {[%emt 0:00:03]} c4 {[%emt 0:00:16]} 8. Qd1 {[%emt 0:00:03]} e6 {[%emt 0:00:26]} 9. Be2 {[%emt 0:01:11]} Be7 {[%emt 0:01:03]} 10. O-O {[%emt 0:00:24]} b5 {[%emt 0:01:02]} 11. Ne5 {[%emt 0:16:43]} Nxe5 {[%emt 0:00:13]} 12. Bxe5 {[%emt 0:00:27]} O-O {[%emt 0:06:28]} 13. Bf3 {[%emt 0:07:24]} b4 {[%emt 0:16:35]} 14. Re1 {[%emt 0:15:08]} bxc3 {[%emt 0:01:17]} 15. bxc3 {[%emt 0:00:26]} Qc6 {[%emt 0:12:55]} 16. Bxf6 {[%emt 0:04:54]} Bxf6 {[%emt 0:00:52]} 17. e4 {[%emt 0:02:02]} Bg6 {[%emt 0:00:49]} 18. exd5 {[%emt 0:00:47]} exd5 {[%emt 0:00:12]} 19. Nf1 {[%emt 0:00:30]} Rfd8 {[%emt 0:16:35]} 20. Ne3 {[%emt 0:02:25]} Rab8 {[%emt 0:01:49]} 21. g3 {[%emt 0:06:44]} h6 {[%emt 0:08:35]} 22. h4 {[%emt 0:03:59]} Rb2 {[%emt 0:02:41]} 23. Qc1 {[%emt 0:00:49]} Rb7 {[%emt 0:02:35]} 24. Qa3 {[%emt 0:05:23]} Be4 {[%emt 0:07:16]} 25. Bxe4 {[%emt 0:00:02]} dxe4 {[%emt 0:00:02]} 26. Rab1 {[%emt 0:02:31]} Rdb8 {[%emt 0:02:23]} 27. Rxb7 {[%emt 0:00:02]} Rxb7 {[%emt 0:00:12]} 28. Qa5 {[%emt 0:01:12]} a6 {[%emt 0:03:44]} 29. Qd5 {[%emt 0:02:29]} Qxd5 {[%emt 0:07:14]} 30. Nxd5 {[%emt 0:00:02]} Rb5 {[%emt 0:01:25]} 31. Nxf6+ {[%emt 0:01:27]} gxf6 {[%emt 0:00:02]} 32. Rxe4 {[%emt 0:00:08]} Rb1+ {[%emt 0:00:15]} 33. Kg2 {[%emt 0:00:02]} Rc1 {[%emt 0:00:10]} 34. Re3 {[%emt 0:01:22]} Rc2 {[%emt 0:00:19]} 35. Kf3 {[%emt 0:01:23]} Kf8 {[%emt 0:00:07]} 36. Ke4 {[%emt 0:00:55]} Rxf2 {[%emt 0:01:21]} 37. Kd5 {[%emt 0:00:02]} Rxa2 {[%emt 0:00:24]} 38. Kxc4 {[%emt 0:01:19]} a5 {[%emt 0:01:04]} 39. Kc5 {[%emt 0:01:53]} a4 {[%emt 0:00:37]} 40. c4 {[%emt 0:00:10]} Rb2 {[%emt 0:03:46]} 41. Ra3 {[%emt 0:01:43]} Rb3 {[%emt 0:00:01]} 42. Rxa4 {[%emt 0:00:01]} Rxg3 {[%emt 0:00:02]} 43. d5 {[%emt 0:00:27]} f5 {[%emt 0:00:36]} 44. Kd6 {[%emt 0:00:37]} Rg4 {[%emt 0:00:34]} 45. Ra8+ {[%emt 0:00:36]} Kg7 {[%emt 0:00:01]} 46. c5 {[%emt 0:00:08]} f4 {[%emt 0:00:36]} 47. c6 {[%emt 0:01:26]} f3 {[%emt 0:00:08]} 48. c7 {[%emt 0:00:16]} f2 {[%emt 0:00:08]} 49. c8=Q {[%emt 0:00:24]} f1=Q {[%emt 0:01:58]} 50. Qxg4+ {[%emt 0:00:11]} Kf6 {[%emt 0:00:04]} 51. Qd4+ {[%emt 0:00:12]} 1-0